Coming to say goodbye (Record no. 44335)

MARC details
000 -LEADER
fixed length control field 00864nam a22001697a 4500
008 - FIXED-LENGTH DATA ELEMENTS--GENERAL INFORMATION
fixed length control field 150226b xxu||||| |||| 00| 0 eng d
050 ## - LIBRARY OF CONGRESS CALL NUMBER
Classification number RA644 .A25
Item number C66 2002
245 ## - TITLE STATEMENT
Title Coming to say goodbye
Remainder of title stories of aids in Africa
Medium [videorecording] :
246 ## - VARYING FORM OF TITLE
Title proper/short title Stories of Aids in Africa
260 ## - PUBLICATION, DISTRIBUTION, ETC. (IMPRINT)
Place of publication, distribution, etc New York :
Name of publisher, distributor, etc Maryknoll World Productions,
Date of publication, distribution, etc 2002
300 ## - PHYSICAL DESCRIPTION
Extent 1 videocassette :
Other physical details sd., col. ;
Dimensions 1/2 in.
500 ## - GENERAL NOTE
General note CIRCULATING MEDIA
520 ## - SUMMARY, ETC.
Summary, etc This documentary is a collection of stories about courageous people living with HIV/AIDS in Kenya and Tanzania. Interspersed throughout the stories are the commentaries of church workers and educators, who stand by<br/>those suffering, especially those thousands of children orphaned by AIDS <br/><br/>
538 ## - SYSTEM DETAILS NOTE
System details note VHS
650 ## - SUBJECT ADDED ENTRY--TOPICAL TERM
Topical term or geographic name as entry element AIDS (Disease)
Geographic subdivision Africa
942 ## - ADDED ENTRY ELEMENTS (KOHA)
Source of classification or shelving scheme Library of Congress Classification
Item type Audio Cassettes, VHS
Holdings
Withdrawn status Lost status Source of classification or shelving scheme Damaged status Not for loan Collection code Home library Current library Shelving location Date acquired Source of acquisition Serial Enumeration / chronology Total Checkouts Full call number Barcode Copy number Price effective from Koha item type
    Library of Congress Classification   Not For Loan Non-fiction Bishop Okullu Memorial Library (Limuru Campus) Bishop Okullu Memorial Library (Limuru Campus) Multimedia 26/02/2015 Purchase VHS   RA644 .A25 C66 2002 042823 1 26/02/2015 Audio Cassettes, VHS